Guía Creativity 2004 : el diseño y la comunicación en la gestión empresarial /
Anuario del diseño español, organizado en cinco grandes apartados. El primero aborda diversos campos de acción del diseño (identidad corporativa, diseño editorial, joyas, ilustración, etc.). Viene luego una reseña de los principales premios del campo y, a continuación, una selección de empresas expe...
محفوظ في:
| مؤلفون آخرون: | , , , |
|---|---|
| التنسيق: | كتاب |
| اللغة: | الإسبانية |
| منشور في: |
Barcelona, España :
Guía Creativity,
2004, c2004
|
| الموضوعات: | |
| الوسوم: |
لا توجد وسوم, كن أول من يضع وسما على هذه التسجيلة!
|
MARC
| LEADER | 00000nam^a2200000^a^4500 | ||
|---|---|---|---|
| 001 | 000185703 | ||
| 005 | 20250521000000.0 | ||
| 009 | 20260310102201.828 | ||
| 020 | |a 84-930859-5-2 | ||
| 037 | |a Acervo ITESO - Biblioteca | ||
| 041 | |a ESP | ||
| 082 | |a 741. 60946 |b CRE 2004 | ||
| 240 | 1 | 1 | |a [Guía Creativity] |
| 245 | 0 | 0 | |a Guía Creativity 2004 : |b el diseño y la comunicación en la gestión empresarial / |c Dir. de A. Isern ; investigación de J.M. Aymamí ; texto de N. Clavería ; fotografía de J. Isern. |
| 264 | 4 | |a Barcelona, España : |b Guía Creativity, |c 2004, c2004 | |
| 300 | |a 402 p. | ||
| 336 | |a texto |b txt |2 rdacontenido | ||
| 337 | |a sin mediación |b n |2 rdamedio | ||
| 338 | |a volumen |b nc |2 rdasoporte | ||
| 520 | |a Anuario del diseño español, organizado en cinco grandes apartados. El primero aborda diversos campos de acción del diseño (identidad corporativa, diseño editorial, joyas, ilustración, etc.). Viene luego una reseña de los principales premios del campo y, a continuación, una selección de empresas expertas del ramo. Incluye, asimismo, un directorio y una bibliografía comentada. | ||
| 649 | |a XX | ||
| 650 | |a Diseño Español - |x Tema Principal | ||
| 650 | |a Diseño Gráfico - |z España | ||
| 650 | |a Diseño Gráfico - |x Anuarios | ||
| 650 | |a Diseño Gráfico - |x Directorios | ||
| 650 | |a Diseño Gráfico - |x Premios | ||
| 650 | |a Diseño Industrial - |z España | ||
| 650 | |a Diseño Industrial - |x Anuarios | ||
| 650 | |a Diseño Industrial - |x Directorios | ||
| 650 | |a Diseño Industrial - |x Premios | ||
| 650 | |a Comunicación Visual - |z España | ||
| 650 | |a Comunicación Visual - |x Anuarios | ||
| 650 | |a Comunicación Visual - |x Directorios | ||
| 650 | |a Comunicación Visual - |x Premios | ||
| 650 | |a Arte Español | ||
| 650 | |a Anuarios | ||
| 700 | |a Isern, Albert |e (dirección) | ||
| 700 | |a Aymamí, Josep Maria |e (investigación) | ||
| 700 | |a Clavería, Noemí |e (texto) | ||
| 700 | |a Isern, Jordi |e (fotógrafo) | ||
| 910 | |a Fondo General | ||
| 920 | |a Impresos - Libros | ||
| 930 | |a Reserva Especial | ||
| 905 | |a 103 | ||
| 901 | |a 0500126990 |b IT1 |c REE |u 20250521 | ||
| 902 | |a https://opac.biblio.iteso.mx/vufind/Record/000185703 | ||